000
00331nam a22001457a 4500
008
210512b ||||| |||| 00| 0 eng d
020
_a
9781563374746
041
_a
eng
080
_2
6th
_a
61
082
_a
61
100
_a
3
101
_a
SHM
245
_a
ICD-9-CM Professional for Physicians
_c
Anita C. Hart
942
_2
udc
_c
BK
999
_c
57289
_d
57289